PRINCIPLES OF VOCATIONAL TRAINING (Record no. 216157)
[ view plain ]
| 000 -LEADER | |
|---|---|
| fixed length control field | 00444nam a22001577a 4500 |
| 008 - FIXED-LENGTH DATA ELEMENTS--GENERAL INFORMATION | |
| fixed length control field | 251110b |||||||| |||| 00| 0 eng d |
| 020 ## - INTERNATIONAL STANDARD BOOK NUMBER | |
| International Standard Book Number | 979-8-88715-050-5 |
| 100 ## - MAIN ENTRY--PERSONAL NAME | |
| Personal name | WATSON, KIARA |
| 245 ## - TITLE STATEMENT | |
| Title | PRINCIPLES OF VOCATIONAL TRAINING |
| 260 ## - PUBLICATION, DISTRIBUTION, ETC. | |
| Place of publication, distribution, etc. | DUBLIN |
| Name of publisher, distributor, etc. | ORYSON PRESS |
| Date of publication, distribution, etc. | 2023 |
| 300 ## - PHYSICAL DESCRIPTION | |
| Extent | XI, 304P. |
| 500 ## - GENERAL NOTE | |
| General note | INCLUDES INDEX |
| 650 ## - SUBJECT ADDED ENTRY | |
| Topical term or geographic name entry element | 1. VOCATIONAL EDUCATION 2. APPRENTICESHIP PROGRAMS |
| 942 ## - ADDED ENTRY ELEMENTS (KOHA) | |
| Source of classification or shelving scheme | Library of Congress Classification |
| Koha item type | Long Loan Book |
| Withdrawn status | Lost status | Source of classification or shelving scheme | Damaged status | Not for loan | Home library | Current library | Date acquired | Inventory number | Total checkouts | Full call number | Barcode | Date last seen | Copy number | Price effective from | Koha item type |
|---|---|---|---|---|---|---|---|---|---|---|---|---|---|---|---|
| Library of Congress Classification | Kisii University Library | Kisii University Library | 11/10/2025 | 109677 | LC 1045. W38 2023 | 000000018091 | 11/10/2025 | C.1 | 11/10/2025 | Long Loan Book | |||||
| Library of Congress Classification | Kisii University Library | Kisii University Library | 11/10/2025 | 109678 | LC 1045. W38 2023 | 000000017989 | 11/10/2025 | C.2 | 11/10/2025 | Long Loan Book | |||||
| Library of Congress Classification | Kisii University Library | Kisii University Library | 11/10/2025 | 109679 | LC 1045. W38 2023 | 000000017990 | 11/10/2025 | C.3 | 11/10/2025 | Long Loan Book | |||||
| Library of Congress Classification | Kisii University Library | Kisii University Library | 11/10/2025 | 109680 | LC 1045. W38 2023 | 000000018092 | 11/10/2025 | C.4 | 11/10/2025 | Long Loan Book |